Palm OS (wireless+ mobile) programming bible / (Record no. 184249)

MARC details
000 -LEADER
fixed length control field 00683nam a2200205Ia 4500
005 - DATE AND TIME OF LATEST TRANSACTION
control field 20230518140759.0
008 - FIXED-LENGTH DATA ELEMENTS--GENERAL INFORMATION
fixed length control field 210716s2002 xx 000 0 und d
020 ## - INTERNATIONAL STANDARD BOOK NUMBER
International Standard Book Number 8126501731
040 ## - CATALOGING SOURCE
Transcribing agency AIMIT LIBRARY
041 ## - LANGUAGE CODE
Language code of text/sound track or separate title eng
082 ## - DEWEY DECIMAL CLASSIFICATION NUMBER
Classification number 004.601
Edition number 1
Item number FOSL
100 ## - MAIN ENTRY--PERSONAL NAME
Personal name Foster, Lonnon R.
9 (RLIN) 108265
245 ## - TITLE STATEMENT
Title Palm OS (wireless+ mobile) programming bible /
Statement of responsibility, etc. By Lonnon R Foster.
260 ## - PUBLICATION, DISTRIBUTION, ETC.
Place of publication, distribution, etc. New Delhi :
Name of publisher, distributor, etc. IDG Books India (P) Ltd ,
Date of publication, distribution, etc. 2002.
300 ## - PHYSICAL DESCRIPTION
Extent xx,892p. ;
Other physical details PB
Dimensions 23.5 cm
650 ## - SUBJECT ADDED ENTRY--TOPICAL TERM
Topical term or geographic name entry element Creating palm OS applications
9 (RLIN) 108266
650 ## - SUBJECT ADDED ENTRY--TOPICAL TERM
Topical term or geographic name entry element Programming the palm OS
9 (RLIN) 108267
650 ## - SUBJECT ADDED ENTRY--TOPICAL TERM
Topical term or geographic name entry element Communicating outside the handheld
9 (RLIN) 108268
942 ## - ADDED ENTRY ELEMENTS (KOHA)
Source of classification or shelving scheme Dewey Decimal Classification
Koha item type Book
Edition 1st
Call number prefix 004.601 FOSL
Holdings
Withdrawn status Lost status Damaged status Not for loan Collection code Home library Current library Date acquired Cost, normal purchase price Total Checkouts Full call number Barcode Date last seen Cost, replacement price Price effective from Koha item type
        MCA St Aloysius Institute of Management & Information Technology St Aloysius Institute of Management & Information Technology 07/16/2021 499.00   004.601 FOSL MCA03757 07/21/2025 499.00 07/16/2021 Book
        MCA St Aloysius Institute of Management & Information Technology St Aloysius Institute of Management & Information Technology 07/16/2021 499.00   004.601 FOSL MCA04635 07/21/2025 499.00 07/16/2021 Book